[Event "Montreal op"]
[Site "Montreal CAN"]
[Date "2019.09.07"]
[Round "2.1"]
[White "Saha, Ananda"]
[Black "Yu, Zong Yang"]
[Result "0-1"]
[WhiteElo "2103"]
[BlackElo "2394"]
[PlyCount "88"]
[EventDate "2019.09.06"]
[EventType "swiss"]
[EventRounds "5"]
[EventCountry "CAN"]

1. d4 Nf6 2. Bg5 Ne4 3. Bf4 c5 4. f3 Qa5+ 5. c3 Nf6 6. d5 Qb6 7. Bc1 e6 8. e4
d6 9. dxe6 Bxe6 10. Na3 Nc6 11. Nc4 Qc7 12. Bf4 O-O-O 13. Qa4 Nh5 14. Be3 d5
15. exd5 Rxd5 16. g4 Nf6 17. Bf4 Qd8 18. Ne3 Rd7 19. Bb5 Qb6 20. Ne2 a6 21.
Bxc6 Qxc6 22. Qxc6+ bxc6 23. c4 Be7 24. Nc3 Rhd8 25. Rd1 Rxd1+ 26. Ncxd1 Nd7
27. Nc3 Bf6 28. Ne4 Ne5 29. Bxe5 Bxe5 30. b3 Bd4 31. Ke2 Kc7 32. Rd1 Kb6 33.
Nc2 f5 34. Nxd4 fxe4 35. Nxe6 exf3+ 36. Kxf3 Rxd1 37. Nxg7 Rd2 38. h4 Rxa2 39.
h5 Ra3 40. h6 Rxb3+ 41. Kf4 a5 42. g5 a4 43. g6 Rh3 44. Nh5 hxg6 0-1

[Event "Montreal op"]
[Site "Montreal CAN"]
[Date "2019.09.07"]
[Round "2.3"]
[White "Both, Aaron"]
[Black "Ouellet, Maili-Jade"]
[Result "0-1"]
[WhiteElo "1979"]
[BlackElo "2245"]
[PlyCount "110"]
[EventDate "2019.09.06"]
[EventType "swiss"]
[EventRounds "5"]
[EventCountry "CAN"]

1. e4 c5 2. Nc3 Nc6 3. Bb5 Nd4 4. Bc4 e6 5. Nge2 Ne7 6. a4 d6 7. O-O g6 8. d3
Bg7 9. Bg5 h6 10. Bh4 O-O 11. Qd2 a6 12. f4 Rb8 13. f5 exf5 14. Bxe7 Qxe7 15.
Nd5 Qg5 16. Nef4 b5 17. axb5 axb5 18. Ba2 fxe4 19. dxe4 Bg4 20. Qf2 Ne6 21. h4
Qd8 22. c3 c4 23. Qg3 h5 24. Bb1 Be5 25. Qf2 Nxf4 26. Nxf4 Ra8 27. Rxa8 Qxa8
28. Nd5 Qd8 29. Bc2 Be6 30. g3 Bxd5 31. exd5 f5 32. Qe3 Kg7 33. Ra1 Rf7 34. Kg2
Qc7 35. Ra6 Qb7 36. Rc6 Rc7 37. Qb6 Qxb6 38. Rxb6 Rc5 39. Rb7+ Kf6 40. Kf3 Rxd5
41. Bb1 Rd1 42. Ba2 Ra1 43. Ra7 Rf1+ 44. Kg2 Ra1 45. Ra6 Rc1 46. Kf3 Rg1 47.
Rb6 Rxg3+ 48. Kf2 Rh3 49. Rxb5 Rxh4 50. Ke3 Bf4+ 51. Kf3 Bc1 52. Rb6 Ke5 53.
Rb5+ d5 54. Rb8 Rh2 55. Re8+ Kf6 0-1

[Event "Montreal op"]
[Site "Montreal CAN"]
[Date "2019.09.07"]
[Round "2.4"]
[White "Rodrigue-Lemieux, Shawn"]
[Black "Yang, Kun"]
[Result "1-0"]
[WhiteElo "2242"]
[BlackElo "1012"]
[PlyCount "101"]
[EventDate "2019.09.06"]
[EventType "swiss"]
[EventRounds "5"]
[EventCountry "CAN"]

1. e4 c5 2. Nf3 d6 3. d4 cxd4 4. Qxd4 Nc6 5. Bb5 Bd7 6. Bxc6 Bxc6 7. Nc3 Nf6 8.
Bg5 e5 9. Qd3 Be7 10. O-O O-O 11. Bxf6 Bxf6 12. Rad1 Be7 13. Nd2 Qd7 14. Nc4
Rfd8 15. Ne3 g6 16. Ned5 Rac8 17. f4 exf4 18. Rxf4 Qe6 19. Rdf1 Rf8 20. Nf6+
Bxf6 21. Rxf6 Qe7 22. Qxd6 Qxd6 23. Rxd6 Rce8 24. Rd4 Re5 25. h4 Rfe8 26. Rf4
h6 27. Kf2 g5 28. hxg5 hxg5 29. Rf5 Kg7 30. b4 b5 31. g4 R8e6 32. Ke3 f6 33. a3
a6 34. Rf2 Re7 35. Rfd2 R5e6 36. Rd6 Rxd6 37. Rxd6 Bb7 38. Kd4 Rc7 39. a4 Rc4+
40. Kd3 Bc6 41. axb5 axb5 42. Rd4 Rxd4+ 43. Kxd4 Kf7 44. Kc5 Bd7 45. Nxb5 Bxg4
46. Nd6+ Ke7 47. b5 Kd7 48. b6 Kd8 49. Ne8 Bc8 50. Nxf6 Bb7 51. Kd6 1-0

[Event "Montreal op"]
[Site "Montreal CAN"]
[Date "2019.09.07"]
[Round "2.5"]
[White "Pomerantz, Daniel"]
[Black "Dukic, Zachary"]
[Result "0-1"]
[WhiteElo "1952"]
[BlackElo "2224"]
[PlyCount "110"]
[EventDate "2019.09.06"]
[EventType "swiss"]
[EventRounds "5"]
[EventCountry "CAN"]

1. e4 e5 2. Nf3 Nc6 3. Bb5 a6 4. Ba4 Nf6 5. O-O Be7 6. Re1 b5 7. Bb3 O-O 8. h3
Bb7 9. d3 d5 10. exd5 Nxd5 11. Nxe5 Nxe5 12. Rxe5 Qd6 13. Re1 Rae8 14. Nd2 c5
15. Ne4 Qc6 16. c4 Nb6 17. f3 Bh4 18. Re3 Qc7 19. Qe2 Re7 20. Bd2 Rfe8 21. Rd1
bxc4 22. dxc4 Bxe4 23. Rxe4 Rxe4 24. fxe4 Bf6 25. Be1 g6 26. Bf2 a5 27. Rf1 a4
28. Bd1 Qc6 29. b3 axb3 30. axb3 Kg7 31. Bc2 Re7 32. Bg3 Bd4+ 33. Kh2 Nd7 34.
Qd2 Qb6 35. Qg5 f6 36. Qd5 Nf8 37. Qd6 Qxd6 38. Bxd6 Be5+ 39. Bxe5 fxe5 40. Rd1
Ne6 41. Rd5 Kf6 42. Kg3 Ra7 43. Bd1 h5 44. Kf2 Ra2+ 45. Kg3 Nf4 46. Rxc5 Rxg2+
47. Kf3 Rd2 48. b4 Rxd1 49. b5 Rd3+ 50. Kf2 Rb3 51. Rc6+ Kg5 52. b6 Nd3+ 53.
Ke2 Kf4 54. Rxg6 Kxe4 55. Rg5 Rxb6 0-1

[Event "Montreal op"]
[Site "Montreal CAN"]
[Date "2019.09.07"]
[Round "2.7"]
[White "Masse, Hugues"]
[Black "Huang, Qiuyu"]
[Result "1-0"]
[WhiteElo "2200"]
[BlackElo "1985"]
[PlyCount "70"]
[EventDate "2019.09.06"]
[EventType "swiss"]
[EventRounds "5"]
[EventCountry "CAN"]

1. e4 c5 2. Nf3 Nc6 3. d4 cxd4 4. Nxd4 g6 5. c4 Bg7 6. Be3 Nf6 7. Nc3 d6 8. Be2
O-O 9. O-O Bd7 10. Nc2 Ne8 11. Qd2 f5 12. exf5 Bxf5 13. Nd4 Bd7 14. Rfe1 Nc7
15. Bf1 Ne5 16. Bg5 Rf7 17. Rad1 Qf8 18. Nd5 Nxd5 19. cxd5 h6 20. Ne6 Bxe6 21.
dxe6 Rf5 22. Bh4 g5 23. Bg3 Qf6 24. Be2 Nc6 25. Bd3 Rc5 26. b4 Rc3 27. Bb1 Rc4
28. Qd3 Rd4 29. Qh7+ Kf8 30. Rc1 Rxb4 31. Bg6 Nd8 32. Bxd6 Rb2 33. Bf5 Qd4 34.
Bc5 Qf6 35. Bd6 Rb5 1-0

[Event "Montreal op"]
[Site "Montreal CAN"]
[Date "2019.09.07"]
[Round "2.8"]
[White "Duong, Thanh Nha"]
[Black "Nunez-Painchaud, Raphael"]
[Result "1/2-1/2"]
[WhiteElo "2146"]
[BlackElo "1966"]
[PlyCount "85"]
[EventDate "2019.09.06"]
[EventType "swiss"]
[EventRounds "5"]
[EventCountry "CAN"]

1. d4 Nf6 2. Nf3 e6 3. c4 b6 4. g3 Ba6 5. Qa4 Bb7 6. Bg2 Be7 7. O-O O-O 8. Nc3
Ne4 9. Nxe4 Bxe4 10. Bh3 f5 11. Nd2 Bb7 12. e3 Qe8 13. f3 e5 14. d5 Qh5 15. Bg2
Rf6 16. Rf2 Rh6 17. Nf1 c6 18. Bd2 cxd5 19. cxd5 Bxd5 20. Qb5 Qf7 21. e4 Bc6
22. Qxe5 Bf6 23. Qxf5 Rh5 24. Qf4 Bxb2 25. Qxf7+ Kxf7 26. Rb1 Ba3 27. g4 Rb5
28. Rxb5 Bxb5 29. Be3 Nc6 30. Rd2 Na5 31. Rc2 Nc4 32. Bd4 Rc8 33. Ne3 Bc5 34.
Bxc5 Rxc5 35. Nf5 g6 36. Nd4 Ba4 37. Rc3 Nb2 38. Ne2 g5 39. Bf1 Rxc3 40. Nxc3
Ke6 41. Kf2 Nd1+ 42. Nxd1 Bxd1 43. Bb5 1/2-1/2

[Event "Montreal op"]
[Site "Montreal CAN"]
[Date "2019.09.07"]
[Round "2.9"]
[White "Luksza, Arkadiusz"]
[Black "Gadbois, Patrick"]
[Result "1-0"]
[WhiteElo "2069"]
[BlackElo "1885"]
[PlyCount "134"]
[EventDate "2019.09.06"]
[EventType "swiss"]
[EventRounds "5"]
[EventCountry "CAN"]

1. Nf3 d5 2. d4 e6 3. c4 c6 4. g3 Bd6 5. Nbd2 f5 6. Bg2 Nd7 7. O-O Ngf6 8. b3
Ne4 9. Bb2 Qf6 10. Qc2 O-O 11. Rad1 g5 12. Ne1 g4 13. Nxe4 fxe4 14. f3 exf3 15.
exf3 Qg7 16. Nd3 gxf3 17. Bxf3 Nf6 18. Qe2 Bd7 19. Nc5 Rae8 20. Nxb7 Bc7 21.
Ba3 Rf7 22. Nd6 Bxd6 23. Bxd6 Rc8 24. c5 Qg6 25. Rf2 Ne4 26. Bxe4 Rxf2 27. Qxf2
dxe4 28. Be5 Rf8 29. Qe2 Qf5 30. Re1 Be8 31. Rf1 Qxf1+ 32. Qxf1 Rxf1+ 33. Kxf1
Bg6 34. Kf2 Kf7 35. Ke3 Ke7 36. Bc7 Kd7 37. Ba5 Kc8 38. Bd2 Kd7 39. Kf4 Ke7 40.
Kg5 Kf7 41. g4 Kg7 42. Be3 h6+ 43. Kf4 Kf6 44. Bf2 h5 45. gxh5 Bxh5 46. Bh4+
Kf7 47. Kxe4 Be2 48. Ke5 Bf3 49. Bg5 Kg6 50. Bd2 Bd5 51. h4 Kh5 52. Be1 Kg4 53.
Kd6 Kf5 54. Bd2 Kg4 55. Bg5 Kf5 56. Bd2 Kg4 57. Bg5 Kf5 58. Bd8 Ke4 59. h5 Kxd4
60. h6 Be4 61. Bf6+ Kd3 62. Kxe6 Kc2 63. Bd8 Kb2 64. Ba5 Kxa2 65. b4 a6 66. Kf6
Kb3 67. Kg7 Kc4 1-0

[Event "Montreal op"]
[Site "Montreal CAN"]
[Date "2019.09.07"]
[Round "2.10"]
[White "Leveille, Francois"]
[Black "Richard, Leo"]
[Result "1-0"]
[WhiteElo "2231"]
[BlackElo "1733"]
[PlyCount "36"]
[EventDate "2019.09.06"]
[EventType "swiss"]
[EventRounds "5"]
[EventCountry "CAN"]

1. Nf3 c5 2. c4 Nc6 3. Nc3 e5 4. g3 g6 5. Bg2 Bg7 6. a3 Nge7 7. b4 cxb4 8. axb4
Nxb4 9. Ba3 Nec6 10. O-O d6 11. Qa4 Na6 12. Ne4 Bf8 13. d4 exd4 14. Nxd4 Bd7
15. Nb5 Be7 16. Nbxd6+ Kf8 17. Nxb7 Qb6 18. Bxe7+ Kxe7 1-0

[Event "Montreal op"]
[Site "Montreal CAN"]
[Date "2019.09.07"]
[Round "2.11"]
[White "Allard, Laurent"]
[Black "Adriaanse, Adam"]
[Result "1-0"]
[WhiteElo "2039"]
[BlackElo "1989"]
[PlyCount "68"]
[EventDate "2019.09.06"]
[EventType "swiss"]
[EventRounds "5"]
[EventCountry "CAN"]

1. e4 c5 2. Nf3 e6 3. d4 cxd4 4. Nxd4 Nc6 5. Nc3 Qc7 6. Be3 a6 7. Qd2 Nf6 8. f3
Be7 9. O-O-O b5 10. g4 Nxd4 11. Bxd4 b4 12. Na4 Rb8 13. Kb1 O-O 14. h4 Bb7 15.
b3 d5 16. e5 Nd7 17. Qe3 Rfc8 18. Bd3 Bc6 19. Nb2 Bb5 20. Rh2 a5 21. Bxb5 Rxb5
22. Nd3 a4 23. g5 Nc5 24. h5 Nxd3 25. Qxd3 Ra5 26. f4 Bc5 27. Ba1 Bb6 28. g6
fxg6 29. hxg6 h6 30. f5 exf5 31. Qxf5 d4 32. Qe6+ Kh8 33. Re2 Rc5 34. Qf5 Rd5 {
etc. (48)} 1-0

[Event "Montreal op"]
[Site "Montreal CAN"]
[Date "2019.09.07"]
[Round "2.12"]
[White "Craciun, David"]
[Black "Javidfard, Amirsalar"]
[Result "0-1"]
[WhiteElo "1802"]
[BlackElo "2013"]
[PlyCount "64"]
[EventDate "2019.09.06"]
[EventType "swiss"]
[EventRounds "5"]
[EventCountry "CAN"]

1. d4 d5 2. Bf4 Nf6 3. e3 g6 4. Nc3 Bg7 5. Be2 O-O 6. Nf3 c5 7. Ne5 b6 8. h4 h5
9. Qd2 Ba6 10. O-O-O Qc8 11. Rhg1 Rd8 12. g4 Bxe2 13. Qxe2 Nc6 14. Bh2 Nxe5 15.
dxe5 Nxg4 16. Nxd5 Qe6 17. c4 Nxh2 18. Nc7 Qc6 19. Nxa8 Rxa8 20. f4 Ng4 21. Qd3
e6 22. Rd2 Qf3 23. Re2 a6 24. Rge1 b5 25. cxb5 axb5 26. Qxb5 Rxa2 27. Kb1 Qa8
28. Qxc5 Bf8 29. Qc4 Ra4 30. Qd3 Bb4 31. Rd1 Ra1+ 32. Kc2 Qc6+ 0-1

[Event "Montreal op"]
[Site "Montreal CAN"]
[Date "2019.09.07"]
[Round "2.13"]
[White "Libersan, Thierry"]
[Black "Tinica, Gabriel"]
[Result "1/2-1/2"]
[WhiteElo "1996"]
[BlackElo "1932"]
[PlyCount "56"]
[EventDate "2019.09.06"]
[EventType "swiss"]
[EventRounds "5"]
[EventCountry "CAN"]

1. e4 c5 2. Nf3 Nc6 3. Bb5 Nd4 4. Bc4 e6 5. Nc3 Ne7 6. Nxd4 cxd4 7. Ne2 Nc6 8.
O-O Bc5 9. d3 O-O 10. a3 a5 11. f4 Ne7 12. Ng3 f5 13. Kh1 Rb8 14. Bd2 b5 15.
Ba2 Bb7 16. Qe2 Kh8 17. Rac1 b4 18. axb4 axb4 19. Bb3 Qc7 20. Ra1 Ra8 21. Rxa8
Bxa8 22. h3 Bc6 23. Kh2 Ng6 24. exf5 exf5 25. Qh5 Bd6 26. Qg5 Be7 27. Qh5 Bd6
28. Qg5 Be7 1/2-1/2

[Event "Montreal op"]
[Site "Montreal CAN"]
[Date "2019.09.07"]
[Round "3.1"]
[White "Yu, Zong Yang"]
[Black "Rodrigue-Lemieux, Shawn"]
[Result "0-1"]
[WhiteElo "2394"]
[BlackElo "2242"]
[PlyCount "64"]
[EventDate "2019.09.06"]
[EventType "swiss"]
[EventRounds "5"]
[EventCountry "CAN"]

1. d4 Nf6 2. c4 e6 3. Nf3 d5 4. g3 Be7 5. Bg2 O-O 6. b3 a5 7. O-O a4 8. Bb2 b6
9. Nbd2 Bb7 10. Qc2 Nbd7 11. Ne5 c5 12. dxc5 bxc5 13. cxd5 exd5 14. Ndc4 axb3
15. axb3 Rxa1 16. Bxa1 dxc4 17. Bxb7 Nxe5 18. Bxe5 Qb6 19. Bxf6 cxb3 20. Qc4
Bxf6 21. Bd5 b2 22. Rb1 g6 23. h4 Qd6 24. e3 Rd8 25. Bxf7+ Kg7 26. Qa2 Qd1+ 27.
Rxd1 Rxd1+ 28. Kh2 b1=Q 29. Qa7 Rh1+ 30. Kg2 Qe4+ 31. f3 Ra1 32. Ba2+ Qe7 0-1

[Event "Montreal op"]
[Site "Montreal CAN"]
[Date "2019.09.07"]
[Round "3.3"]
[White "Dukic, Zachary"]
[Black "Masse, Hugues"]
[Result "1-0"]
[WhiteElo "2224"]
[BlackElo "2200"]
[PlyCount "145"]
[EventDate "2019.09.06"]
[EventType "swiss"]
[EventRounds "5"]
[EventCountry "CAN"]

1. e4 e5 2. Nf3 Nf6 3. Nxe5 d6 4. Nf3 Nxe4 5. Nc3 Nf6 6. d4 Be7 7. Bd3 O-O 8.
O-O Re8 9. Ne2 Nbd7 10. Ng3 g6 11. Bg5 b6 12. Qd2 Bb7 13. Qf4 Nf8 14. Bc4 Nd5
15. Qd2 Ne6 16. Bxe7 Qxe7 17. Rfe1 Qf6 18. Bb5 c6 19. Bf1 Qf4 20. Qxf4 Ndxf4
21. Ne4 Red8 22. g3 Nh5 23. Neg5 Bc8 24. d5 cxd5 25. Bb5 Nxg5 26. Nxg5 Bd7 27.
Ba6 h6 28. Nf3 Nf6 29. Nd4 Kf8 30. a4 Re8 31. Rxe8+ Rxe8 32. Bb5 a5 33. Bxd7
Nxd7 34. Kf1 Nf6 35. Nb5 Ke7 36. Ra3 Rc8 37. Re3+ Kf8 38. c3 Rc6 39. f3 Ne8 40.
Rd3 Nf6 41. Ke2 Ke7 42. Kd2 Kd7 43. Rd4 g5 44. Kd3 Rc8 45. g4 Ke6 46. b3 Nd7
47. Kc2 Ne5 48. f4 gxf4 49. Rxf4 Nc6 50. Kd2 f6 51. Rf5 Ne5 52. h3 Ke7 53. Rh5
Rh8 54. Nc7 d4 55. cxd4 Nf3+ 56. Ke3 Ng5 57. h4 Nf7 58. Nd5+ Ke6 59. Nxb6 Rb8
60. Rb5 d5 61. Nxd5 Rc8 62. Nf4+ Ke7 63. Rb7+ Ke8 64. Nd5 Rc6 65. Rb6 Rc1 66.
Nxf6+ Ke7 67. Nd5+ Kd7 68. Rb7+ Ke6 69. Nf4+ Kf6 70. Nd3 Rg1 71. d5 Rg3+ 72.
Kd2 Rxg4 73. Rxf7+ 1-0

[Event "Montreal op"]
[Site "Montreal CAN"]
[Date "2019.09.07"]
[Round "3.4"]
[White "Liang, Jason"]
[Black "Luksza, Arkadiusz"]
[Result "1-0"]
[WhiteElo "2224"]
[BlackElo "2069"]
[PlyCount "91"]
[EventDate "2019.09.06"]
[EventType "swiss"]
[EventRounds "5"]
[EventCountry "CAN"]

1. e4 e6 2. d4 d5 3. Nc3 Bb4 4. e5 c5 5. a3 Bxc3+ 6. bxc3 Ne7 7. Qg4 cxd4 8.
cxd4 Qc7 9. Kd1 Nf5 10. Nf3 h5 11. Qf4 Nc6 12. Bd3 Nce7 13. a4 Bd7 14. Ke2 Rc8
15. Ba3 Ng6 16. Qg5 Bxa4 17. Rhb1 Bc6 18. Bb4 b6 19. Ra6 Qd7 20. Ba3 Rc7 21. g3
Qd8 22. Qd2 Nge7 23. h3 Nc8 24. g4 Nh6 25. Qf4 Qd7 26. Kd2 Bb7 27. Ra4 Bc6 28.
Rab4 a6 29. Qg5 g6 30. gxh5 Nf5 31. hxg6 fxg6 32. Qxg6+ Qf7 33. Qxf7+ Rxf7 34.
Ng5 Ra7 35. Nxe6 Nfe7 36. Ng5 b5 37. R4b2 Nb6 38. Bc5 Rb7 39. Bxb6 Rxb6 40. f4
Bd7 41. Ra2 Rh4 42. Rf1 Nf5 43. e6 Bxe6 44. Nxe6 Ng3 45. Re1 Ne4+ 46. Bxe4 1-0

[Event "Montreal op"]
[Site "Montreal CAN"]
[Date "2019.09.07"]
[Round "3.5"]
[White "Javidfard, Amirsalar"]
[Black "Leveille, Francois"]
[Result "0-1"]
[WhiteElo "2013"]
[BlackElo "2231"]
[PlyCount "56"]
[EventDate "2019.09.06"]
[EventType "swiss"]
[EventRounds "5"]
[EventCountry "CAN"]

1. d4 Nf6 2. c4 c5 3. Nf3 e6 4. Nc3 cxd4 5. Nxd4 Nc6 6. Ndb5 d5 7. cxd5 Nxd5 8.
Nxd5 exd5 9. Qxd5 Bb4+ 10. Bd2 Qe7 11. a3 Bxd2+ 12. Qxd2 O-O 13. Nd4 Nxd4 14.
Qxd4 Rd8 15. Qf4 Be6 16. b4 a5 17. b5 Qc5 18. Qc1 Qxb5 19. e3 Qd5 20. Qb2 Rac8
21. f3 Qf5 22. Rd1 Rxd1+ 23. Kxd1 a4 24. Ke2 Rd8 25. Kf2 Qa5 26. e4 Qc5+ 27.
Ke1 Qe3+ 28. Be2 Bb3 0-1

[Event "Montreal op"]
[Site "Montreal CAN"]
[Date "2019.09.07"]
[Round "3.6"]
[White "Turcotte, Jonathan"]
[Black "Duong, Thanh Nha"]
[Result "0-1"]
[WhiteElo "1983"]
[BlackElo "2146"]
[PlyCount "149"]
[EventDate "2019.09.06"]
[EventType "swiss"]
[EventRounds "5"]
[EventCountry "CAN"]

1. d4 Nf6 2. c4 e6 3. Nf3 d5 4. Nc3 Bb4 5. cxd5 exd5 6. Bg5 Nbd7 7. e3 c5 8.
Qc2 Qa5 9. Bd3 c4 10. Bf5 O-O 11. O-O g6 12. Bxd7 Nxd7 13. Nd2 Re8 14. Rfe1 Nf8
15. f3 Bd7 16. a3 Bxc3 17. Qxc3 Qc7 18. Bh4 b5 19. e4 Bc6 20. exd5 Bxd5 21. Ne4
Nd7 22. Bg3 Qb6 23. Nd6 Re6 24. Rxe6 Bxe6 25. Ne4 a5 26. Bf2 Bd5 27. Qd2 Nf6
28. Nc3 Kg7 29. Bh4 Rd8 30. Bxf6+ Qxf6 31. Nxb5 Bc6 32. a4 Rd5 33. Rc1 Bxb5 34.
axb5 Rxb5 35. Rxc4 Qb6 36. Rc2 Rb4 37. Qc3 Qxd4+ 38. Qxd4+ Rxd4 39. Kf2 Rb4 40.
Ke3 h5 41. Kd3 h4 42. Kc3 Rf4 43. h3 Rf5 44. Kb3 Rg5 45. Kc4 Kf6 46. Kd4 Rb5
47. Rc6+ Kg7 48. Rc2 Kh6 49. Ke4 f5+ 50. Ke3 Rb3+ 51. Kf4 Rb4+ 52. Ke3 Kg5 53.
Rd2 Rb3+ 54. Kf2 Kf4 55. Rd4+ Kg5 56. Rd2 Kf4 57. Re2 g5 58. Rc2 Rb4 59. Rd2
Ra4 60. Re2 Ra1 61. Rc2 a4 62. Rc4+ Ke5 63. Rc5+ Ke6 64. Rb5 Ra2 65. Kg1 Kf6
66. Rb4 Ke5 67. Kf1 Kd5 68. Rb5+ Kc4 69. Rxf5 Rxb2 70. Rxg5 a3 71. Ra5 a2 72.
f4 Rb1+ 73. Kf2 a1=Q 74. Rxa1 Rxa1 75. Kf3 0-1

[Event "Montreal op"]
[Site "Montreal CAN"]
[Date "2019.09.07"]
[Round "3.7"]
[White "Nunez-Painchaud, Raphael"]
[Black "Saha, Ananda"]
[Result "1-0"]
[WhiteElo "1966"]
[BlackElo "2203"]
[PlyCount "89"]
[EventDate "2019.09.06"]
[EventType "swiss"]
[EventRounds "5"]
[EventCountry "CAN"]

1. c4 e6 2. Nf3 b6 3. g3 Bb7 4. Bg2 Nf6 5. O-O Be7 6. Nc3 O-O 7. d4 d5 8. cxd5
Nxd5 9. Qc2 Nxc3 10. bxc3 Nd7 11. Ng5 Bxg5 12. Bxb7 Rb8 13. Bf3 Bxc1 14. Raxc1
c5 15. Rfd1 Qc7 16. d5 exd5 17. Qf5 Nf6 18. Bxd5 Rfe8 19. Bf3 Rbd8 20. g4 Qe7
21. g5 Nd7 22. Bc6 g6 23. Qf4 Rf8 24. c4 Ne5 25. Bd5 Kh8 26. Rc3 f6 27. Re3
Rde8 28. Bc6 Rd8 29. Rxd8 Qxd8 30. Rxe5 fxe5 31. Qxe5+ Kg8 32. Bd5+ Rf7 33. f4
Qd7 34. Qe6 Qc7 35. Qxf7+ Qxf7 36. Bxf7+ Kxf7 37. Kf2 a6 38. a4 h5 39. h4 Ke6
40. e4 a5 41. Ke3 Kd6 42. f5 gxf5 43. exf5 Ke5 44. f6 Ke6 45. Ke4 1-0

[Event "Montreal op"]
[Site "Montreal CAN"]
[Date "2019.09.07"]
[Round "3.8"]
[White "Tanaka, Tyler"]
[Black "Both, Aaron"]
[Result "1-0"]
[WhiteElo "2073"]
[BlackElo "1979"]
[PlyCount "65"]
[EventDate "2019.09.06"]
[EventType "swiss"]
[EventRounds "5"]
[EventCountry "CAN"]

1. e4 c5 2. Nf3 e6 3. d4 cxd4 4. Nxd4 a6 5. c4 Nf6 6. Nc3 Bb4 7. Qd3 Nc6 8.
Nxc6 dxc6 9. Qxd8+ Kxd8 10. Bd2 e5 11. O-O-O Ke7 12. Nd5+ Nxd5 13. cxd5 Bxd2+
14. Kxd2 cxd5 15. exd5 Rd8 16. Ke3 f5 17. f4 e4 18. Kd4 Kf6 19. Rc1 Bd7 20. Bc4
Be8 21. Bb3 Rd6 22. Rc7 Rad8 23. Rhc1 Bf7 24. R1c5 Rb6 25. Rc8 Rdd6 26. R5c7 e3
27. Rf8 e2 28. Rfxf7+ Kg6 29. Rxg7+ Kh6 30. Rxh7+ Kg6 31. Rcg7+ Kf6 32. g4 Rb4+
33. Kc5 1-0

[Event "Montreal op"]
[Site "Montreal CAN"]
[Date "2019.09.07"]
[Round "3.9"]
[White "Yang, Kun"]
[Black "Allard, Laurent"]
[Result "0-1"]
[WhiteElo "1012"]
[BlackElo "2039"]
[PlyCount "32"]
[EventDate "2019.09.06"]
[EventType "swiss"]
[EventRounds "5"]
[EventCountry "CAN"]

1. c4 Nf6 2. Nc3 g6 3. Nf3 Bg7 4. e4 d6 5. d4 O-O 6. g3 c5 7. Be3 Ng4 8. Bg2
Nc6 9. O-O Nxe3 10. fxe3 Bg4 11. Ne2 cxd4 12. exd4 Qb6 13. Qd2 Bxf3 14. Bxf3
Bxd4+ 15. Nxd4 Nxd4 16. Bg2 Nf3+ 0-1

[Event "Montreal op"]
[Site "Montreal CAN"]
[Date "2019.09.07"]
[Round "3.10"]
[White "Huang, Qiuyu"]
[Black "Pomerantz, Daniel"]
[Result "1/2-1/2"]
[WhiteElo "1985"]
[BlackElo "1952"]
[PlyCount "68"]
[EventDate "2019.09.06"]
[EventType "swiss"]
[EventRounds "5"]
[EventCountry "CAN"]

1. e4 c5 2. Nf3 e6 3. d4 cxd4 4. Nxd4 Nc6 5. Nc3 Qc7 6. Be2 a6 7. O-O Nf6 8.
Be3 Bb4 9. Na4 Be7 10. Nxc6 bxc6 11. Nb6 Rb8 12. Nxc8 Qxc8 13. e5 Nd5 14. Bd4
c5 15. c4 Nf4 16. Bc3 Nxe2+ 17. Qxe2 O-O 18. Rfd1 f6 19. f4 fxe5 20. fxe5 Qc6
21. Rd3 Rf5 22. Rad1 Rd8 23. b3 Qc7 24. h3 Bh4 25. Rf3 Rxf3 26. Qxf3 Rf8 27.
Qd3 Rf7 28. Qe4 Qd8 29. Be1 Bxe1 30. Qxe1 Rf5 31. Rd6 Qg5 32. Rxd7 Rxe5 33. Qf2
Rf5 34. Qd2 Qf6 1/2-1/2

[Event "Montreal op"]
[Site "Montreal CAN"]
[Date "2019.09.07"]
[Round "3.11"]
[White "Tinica, Gabriel"]
[Black "Zhong, Kevin"]
[Result "0-1"]
[WhiteElo "1932"]
[BlackElo "2112"]
[PlyCount "120"]
[EventDate "2019.09.06"]
[EventType "swiss"]
[EventRounds "5"]
[EventCountry "CAN"]

1. d4 d5 2. Bf4 c5 3. e3 cxd4 4. exd4 Nc6 5. c3 Bf5 6. Nf3 e6 7. Nbd2 Bd6 8.
Bg3 Nge7 9. Be2 Ng6 10. O-O O-O 11. c4 Bxg3 12. hxg3 dxc4 13. Nxc4 Bg4 14. Nce5
Ngxe5 15. dxe5 Bxf3 16. gxf3 Nxe5 17. f4 Nc6 18. Rc1 Qb6 19. Bd3 Rfd8 20. Qe2
g6 21. Bc4 Nd4 22. Qe4 Qxb2 23. Rb1 Qc3 24. Rfc1 Qf3 25. Qxb7 Rac8 26. Qxf3
Nxf3+ 27. Kg2 Nd2 28. Rb4 a5 29. Ra4 Rc5 30. Rd1 Rd4 31. Bb5 Rxa4 32. Bxa4 Ne4
33. Rd4 Nc3 34. Bb3 Ne2 35. Rc4 Rxc4 36. Bxc4 Nd4 37. f3 Kf8 38. Kf2 Ke7 39. g4
Kd6 40. Ke3 Kc5 41. Bd3 Nc6 42. a3 Nd4 43. a4 h5 44. f5 exf5 45. gxh5 gxh5 46.
f4 h4 47. Bf1 Ne6 48. Bb5 h3 49. Kf2 Nxf4 50. Kg3 Kd6 51. Be8 f6 52. Bb5 Ke5
53. Bc6 Ne2+ 54. Kxh3 Kd4 55. Kg2 Ke3 56. Bf3 f4 57. Bc6 Nd4 58. Bd5 f3+ 59.
Kf1 f2 60. Bb7 Nb3 0-1

[Event "Montreal op"]
[Site "Montreal CAN"]
[Date "2019.09.07"]
[Round "3.12"]
[White "Gadbois, Patrick"]
[Black "Zheng, Richard"]
[Result "0-1"]
[WhiteElo "1885"]
[BlackElo "2069"]
[PlyCount "54"]
[EventDate "2019.09.06"]
[EventType "swiss"]
[EventRounds "5"]
[EventCountry "CAN"]

1. d4 d5 2. e3 Nf6 3. Bd3 Nc6 4. f4 Nb4 5. Nf3 Nxd3+ 6. cxd3 g6 7. Nc3 Bg4 8.
O-O Bg7 9. Qb3 Bxf3 10. Rxf3 b6 11. Bd2 O-O 12. f5 e6 13. fxe6 fxe6 14. Raf1 c6
15. Ne2 Qd6 16. Bb4 c5 17. dxc5 bxc5 18. Ba3 Ng4 19. g3 Rxf3 20. Rxf3 Rf8 21.
Rf4 Bh6 22. Rxg4 Bxe3+ 23. Kg2 Rf2+ 24. Kh3 Rxe2 25. d4 Bg1 26. Rf4 h5 27. Kh4
Qd8+ 0-1

[Event "Montreal op"]
[Site "Montreal CAN"]
[Date "2019.09.07"]
[Round "3.13"]
[White "Richard, Leo"]
[Black "Libersan, Thierry"]
[Result "1/2-1/2"]
[WhiteElo "1773"]
[BlackElo "1996"]
[PlyCount "86"]
[EventDate "2019.09.06"]
[EventType "swiss"]
[EventRounds "5"]
[EventCountry "CAN"]

1. Nf3 c5 2. g3 Nc6 3. Bg2 g6 4. O-O Bg7 5. d3 e6 6. c4 Nge7 7. Nc3 O-O 8. Bf4
d6 9. Rb1 h6 10. h4 Rb8 11. a3 Kh7 12. Qc1 e5 13. Bd2 Bg4 14. Nh2 Be6 15. b4 b6
16. b5 Nd4 17. e3 Ndf5 18. Nf3 Ng8 19. e4 Nfe7 20. a4 Qd7 21. Nh2 Nf6 22. Ne2
Nh5 23. Bf3 Bh3 24. Re1 f5 25. exf5 Bxf5 26. g4 Bxd3 27. gxh5 Rxf3 28. Nxf3
Qg4+ 29. Ng3 Bxb1 30. Nh2 Qxh4 31. Qxb1 Rf8 32. hxg6+ Kh8 33. Qd3 Qf6 34. Ng4
Qxg6 35. Qxg6 Nxg6 36. Nxh6 Nh4 37. Rd1 Nf3+ 38. Kg2 Nxd2 39. Rxd2 Bxh6 40.
Rxd6 Bc1 41. Rd7 Rf4 42. Rxa7 Rxc4 43. Ra6 Bd2 1/2-1/2

[Event "Montreal op"]
[Site "Montreal CAN"]
[Date "2019.09.07"]
[Round "3.14"]
[White "Adriaanse, Adam"]
[Black "Craciun, David"]
[Result "1-0"]
[WhiteElo "1989"]
[BlackElo "1802"]
[PlyCount "105"]
[EventDate "2019.09.06"]
[EventType "swiss"]
[EventRounds "5"]
[EventCountry "CAN"]

1. d4 d5 2. c4 e6 3. Nc3 Be7 4. Bf4 Nf6 5. e3 O-O 6. h3 Nbd7 7. Nf3 a6 8. Rc1
Re8 9. Bh2 c5 10. cxd5 Nxd5 11. Be2 b5 12. Nxd5 exd5 13. dxc5 Nxc5 14. O-O Bb7
15. Nd4 Qb6 16. Bf3 Bf6 17. b4 Ne4 18. Bc7 Qa7 19. Qd3 Be5 20. Nb3 Bxc7 21.
Rxc7 Qb6 22. Rfc1 Rad8 23. Qd4 Qxd4 24. Nxd4 Rc8 25. Nf5 Rxc7 26. Rxc7 Rb8 27.
Bd1 Ba8 28. f3 Nd2 29. Ra7 Nc4 30. Rxa6 g6 31. Nd6 Nxe3 32. Bb3 Nc4 33. Nxb5
Bb7 34. Ra7 Bc6 35. Nd4 Be8 36. a3 Rc8 37. a4 Nd2 38. Ra5 Nxb3 39. Nxb3 Rb8 40.
b5 Kf8 41. Ra6 Ke7 42. Kf2 h5 43. Ke3 Bxb5 44. axb5 Rxb5 45. Nd4 Rb2 46. g3 h4
47. Kf4 Rb1 48. Ke5 f6+ 49. Kxd5 Rh1 50. Ra7+ Kf8 51. Ke6 Rxh3 52. Kxf6 Ke8 53.
Rh7 1-0